Countries Closest to the Cook Islands - Statistics

General Stats
  • This quiz has been taken 780 times
  • The average score is 17 of 20
Answer Stats
km country miles % Correct
4568 Australia 2839
98%
2958 New Zealand 1838
98%
1574 Fiji 978
93%
4218 Papua New Guinea 2621
91%
696 Samoa 432
91%
2650 Solomon Islands 1647
91%
2734 Vanuatu 1699
91%
5815 Indonesia 3613
90%
3887 Micronesia 2415
90%
1604 Tuvalu 997
90%
3077 Marshall Islands 1912
89%
6894 Palau 4284
89%
1016 Tonga 631
89%
1183 Kiribati 735
88%
3219 Nauru 2000
86%
3105 United States 1930
82%
6964 Japan 4328
67%
4903 Chile 3047
65%
6298 Mexico 3913
52%
704 Niue 437
48%
No matching quizzes found
Score Distribution
Percent of People with Each Score
Percentile by Number Answered
Your Score History
You have not taken this quiz